Live history : structuring innovation for an international theatre company /

A successful international startup theatre company in the arts must devise a formalized innovation structure around a creative process. During the recent COVID-19 pandemic, the theatre company needed to change their innovation process to account for dispersed employees. With theatre venues closed an...

Full description

Bibliographic Details
Main Author: Bowen, James, 1962- (Author)
Format: eBook
Language:English
Published: London : SAGE Publications: SAGE Business Cases Originals, 2024.
Series:SAGE Business cases.
Subjects:
Online Access:Connect to the full text of this electronic book

MARC

Tag First Indicator Second Indicator Subfields
LEADER 00000nam a2200000Mi 4500
001 in00005500321
006 m o d
007 cr un|||||||||
008 231221s2024 enk fo 000 0 eng d
005 20240923172053.1
035 |a (OCoLC)on1417357650 
040 |a SGPBL  |b eng  |e rda  |e pn  |c SGPBL  |d OCLCO 
020 |a 9781071928868  |q SAGE Business Cases 
020 |a 1071928864 
035 |a (OCoLC)1417357650 
050 4 |a HD62.5  |b .B69 2024 
082 0 4 |a 658.11 
049 |a TXAM 
100 1 |a Bowen, James,  |d 1962-  |e author. 
245 1 0 |a Live history :  |b structuring innovation for an international theatre company /  |c James Bowen. 
264 1 |a London :  |b SAGE Publications: SAGE Business Cases Originals,  |c 2024. 
300 |a 1 online resource. 
336 |a text  |b txt  |2 rdacontent 
337 |a computer  |b c  |2 rdamedia 
338 |a online resource  |b cr  |2 rdacarrier 
490 1 |a SAGE Business cases 
520 8 |a A successful international startup theatre company in the arts must devise a formalized innovation structure around a creative process. During the recent COVID-19 pandemic, the theatre company needed to change their innovation process to account for dispersed employees. With theatre venues closed and gatherings of people not possible, a business model that assumes people could meet in person and interact is in peril. Without the possibly of in-person customer and employee events, both the revenue stream and collaboration process of Live History might not be possible and the company faces a disastrous and potential company-ending event. However, in the midst of the crisis, could this be an opportunity to formalize the creative process and make it more inclusive, dynamic, fast, and strategic? 
588 |a Description based on XML content. 
650 0 |a New business enterprises  |x Technological innovations  |v Case studies. 
650 6 |a Nouvelles entreprises  |x Innovations  |v Études de cas. 
655 7 |a Electronic books.  |2 local 
830 0 |a SAGE Business cases. 
856 4 0 |u http://proxy.library.tamu.edu/login?url=https://sk.sagepub.com/cases/livehistory-structuring-innovation-international-theatre-company  |z Connect to the full text of this electronic book  |t 0 
955 |a SAGE eBooks 
955 |a SAGE Business Cases 2024 Annual Collection 
994 |a 92  |b TXA 
999 f f |s c99c5b17-ea06-4945-938f-97e9b0b26446  |i 8357d4f9-a128-4658-a745-ed646e99dd61  |t 0 
952 f f |a Texas A&M University  |b College Station  |c Electronic Resources  |d Available Online  |t 0  |e HD62.5 .B69 2024  |h Library of Congress classification 
998 f f |a HD62.5 .B69 2024  |t 0  |l Available Online